কোরআন বিজ্ঞানের দৃষ্টিতে পর্দা / (Record no. 12306)
[ view plain ]
| 000 -LEADER | |
|---|---|
| fixed length control field | 00847nam a2200253 a 4500 |
| 001 - CONTROL NUMBER | |
| JCCL Control Number | 12306 |
| 003 - CONTROL NUMBER IDENTIFIER | |
| JCCL marc code | BD-JhCC |
| 005 - DATE AND TIME OF LATEST TRANSACTION | |
| control field | 20210928101212.0 |
| 008 - FIXED-LENGTH DATA ELEMENTS--GENERAL INFORMATION | |
| fixed length control field | 210927b20142020bg |||| ||a| 000 0 ban d |
| 035 ## - SYSTEM CONTROL NUMBER | |
| system control number | (BD-JhCC)12306 |
| 040 ## - CATALOGING SOURCE | |
| Original cataloging agency | BD-JhCC |
| Modifying agency | BD-JhCC |
| 041 ## - LANGUAGE CODE | |
| Language code of Book | Bengali |
| 082 ## - DEWEY DECIMAL CLASSIFICATION NUMBER | |
| Classification number | 346.0134 |
| Author mark and Year | SAM 2020 |
| 100 ## - MAIN ENTRY--PERSONAL NAME | |
| Personal name | ছামদানী,মুফ্তী হাবীব |
| 245 ## - TITLE STATEMENT | |
| Title | কোরআন বিজ্ঞানের দৃষ্টিতে পর্দা / |
| Statement of responsibility, etc | মুফ্তী হাবীব ছামদানী । |
| 260 ## - PUBLICATION, DISTRIBUTION, ETC. (IMPRINT) | |
| Place of publication, distribution, etc | ঢাকা: |
| Name of publisher, distributor, etc | মীনা বুক হাউজ; |
| Date of publication, distribution, etc | ২০২০. |
| 300 ## - PHYSICAL DESCRIPTION | |
| Pagination | 112 p. : |
| Dimensions | 22 cm |
| 650 ## - SUBJECT ADDED ENTRY--TOPICAL TERM | |
| Topical term or geographic name as entry element | Purda |
| 650 ## - SUBJECT ADDED ENTRY--TOPICAL TERM | |
| Topical term or geographic name as entry element | Velis-Religious aspects --Islam |
| 650 ## - SUBJECT ADDED ENTRY--TOPICAL TERM | |
| Topical term or geographic name as entry element | Muslim Women--Clothing |
| 650 ## - SUBJECT ADDED ENTRY--TOPICAL TERM | |
| Topical term or geographic name as entry element | Hijab(islamic clothing) |
| 942 ## - ADDED ENTRY ELEMENTS (KOHA) | |
| Source of classification or shelving scheme | Dewey Decimal Classification |
| Koha item type | Books |
| Source of classification or shelving scheme | Damaged status | Not for loan | Home library | Current library | Shelving location | Cost, normal purchase price | Total Checkouts | Full call number | Barcode | Date last seen | Copy number | Koha item type |
|---|---|---|---|---|---|---|---|---|---|---|---|---|
| Dewey Decimal Classification | JCC Rouf Library | JCC Rouf Library | General Stacks | 90.00 | 346.0134 SAM 2020 | 17021 | 09/28/2021 | C-1 | Books |